00430cam a2200145ua 4500001000500000005001700005008003900022040000900061100003100070245008600101250000900187260004400196300001600240700002800256517120260515113837.0120302n ii |||gr||||Z||||||eng cMAIN1 aGalsworthy, John,eAuthor,11aLast of the forsytes : ba critical study of his novels / cby John Galsworthy .  a1st. aCalcutta:bModern book agency pvt. ltd. a90p:c23cm.1 aPandey, N. K.,eAuthor,